A Treatise on the criminal law of the United States: (Record no. 1561)

MARC details
000 -LEADER
fixed length control field 01484cam a22003851 4500
001 - CONTROL NUMBER
control field data
005 - DATE AND TIME OF LATEST TRANSACTION
control field 20260322212106.0
008 - FIXED-LENGTH DATA ELEMENTS--GENERAL INFORMATION
fixed length control field data
035 ## - SYSTEM CONTROL NUMBER
System control number 8256374
010 ## - LIBRARY OF CONGRESS CONTROL NUMBER
LC control number 22004407
035 ## - SYSTEM CONTROL NUMBER
-- (DLC) 22004407
035 ## - SYSTEM CONTROL NUMBER
System control number (OCoLC)6481228
040 ## - CATALOGING SOURCE
Original cataloging agency DLC
Transcribing agency OCl
Modifying agency DLC
042 ## - AUTHENTICATION CODE
Authentication code premarc
050 00 - LIBRARY OF CONGRESS CALL NUMBER
Classification number KF9219
Item number .W43 1857
100 1# - MAIN ENTRY--PERSONAL NAME
Personal name Wharton, Francis,
Dates associated with a name 1820-1889.
245 02 - TITLE STATEMENT
Title A Treatise on the criminal law of the United States:
Remainder of title comprising a general view of the criminal jurisprudence of the common and civil law, and a digest of the penal statutes of the general government, and of Massachusetts, New York, Pennsylvania, Virginia and Ohio;
Statement of responsibility, etc. with the decisions on cases arising upon those statutes, by Francis Wharton.
250 ## - EDITION STATEMENT
Edition statement 4th and rev. ed.
260 ## - PUBLICATION, DISTRIBUTION, ETC.
Place of publication, distribution, etc. Philadelphia,
Name of publisher, distributor, etc. Kay & brother,
Date of publication, distribution, etc. 1857.
300 ## - PHYSICAL DESCRIPTION
Extent 61 p., 1 l., [73]-1252 p.
Dimensions 25 cm.
336 ## - CONTENT TYPE
Content type term text
Content type code txt
Source rdacontent
337 ## - MEDIA TYPE
Media type term unmediated
Media type code n
Source rdamedia
338 ## - CARRIER TYPE
Carrier type term volume
Carrier type code nc
Source rdacarrier
650 #0 - SUBJECT ADDED ENTRY--TOPICAL TERM
Topical term or geographic name entry element Criminal law
Geographic subdivision United States.
650 #0 - SUBJECT ADDED ENTRY--TOPICAL TERM
Topical term or geographic name entry element Criminal law
Geographic subdivision Massachusetts.
650 #0 - SUBJECT ADDED ENTRY--TOPICAL TERM
Topical term or geographic name entry element Criminal law
Geographic subdivision New York (State)
650 #0 - SUBJECT ADDED ENTRY--TOPICAL TERM
Topical term or geographic name entry element Criminal law
Geographic subdivision Pennsylvania.
650 #0 - SUBJECT ADDED ENTRY--TOPICAL TERM
Topical term or geographic name entry element Criminal law
Geographic subdivision Virginia.
650 #0 - SUBJECT ADDED ENTRY--TOPICAL TERM
Topical term or geographic name entry element Criminal law
Geographic subdivision Ohio.
906 ## - LOCAL DATA ELEMENT F, LDF (RLIN)
a 7
b cbc
c oclcrpl
d u
e ncip
f 19
g y-gencatlg
985 ## -
-- OCLC REPLACEMENT cdsdistr
985 ## -
-- fcd cdsdistr
991 ## -
-- c-LL
-- KF9219
-- .W43 1857
-- Copy 1
-- OCLCREP
Holdings
Withdrawn status Lost status Damaged status Not for loan Home library Current library Shelving location Date acquired Total checkouts Full call number Barcode Date last seen Price effective from Koha item type
        Liberty Liberty General stacks 22/03/2026   KF9219 LOC-LPL-00024 22/03/2026 22/03/2026 Books